| 000 | 00000nam##2200000za#4500 |
| 001 | 9.679520 |
| 003 | CaOODSP |
| 005 | 20220107134006 |
| 007 | ta |
| 008 | 150407|1995||||xxc||||| f|0| 0 fre|d |
| 040 | |aCaOODSP|bfre |
| 043 | |an-cn--- |
| 086 | 1 |aH72-21/133-3-1995F |
| 110 | 2 |aCentre national d'information sur la violence dans la famille (Canada) |
| 245 | 10|aLes mauvais traitements envers les personnes aînées en milieux institutionnel: document de travail, rédigé à partir de documentation en langue française / |cPréparé par Marie Beaulieau et Marie-Josée Tremblay. Publié par la Division de la santé mentale. |
| 260 | |aOttawa - Ontario : |bSanté Canada. |c1995. |
| 300 | |ax, 36p. : |bréférences ; |c28 cm. |
| 500 | |a«Le présent document de discussion vise à situer les principaux enjeux liés aux mauvais traitements envers les personnes aînées en milieu institutionnel et à identifier des pistes d'action.»--Page ix. |
| 520 | 3 |aLe présent document de discussion vise à situer les principaux enjeux liés aux mauvais traitements envers les personnes aînées en milieu institutionnel et à identifier des pistes d'action.--Page ix |
| 563 | |aCouverture souple |
| 590 | |a98-21|b1998-05-22 |
| 720 | 1 |aBeaulieu, Marie |
| 720 | 1 |aTremblay, Marie-Josée |
| 775 | 08|tAbuse and neglect of older adults in institutional settings: discussion paper, building from French language resources / |w(CaOODSP)9.645903 |
| 020 | |a0-662-80312-4 |